Toledo renacentista (Record no. 187216)

MARC details
000 -LEADER
campo de control de longitud fija 01271nam a2200313 i 4500
001 - NÚMERO DE CONTROL
campo de control 187216
003 - IDENTIFICADOR DE NÚMERO DE CONTROL
campo de control ES-MaACL
005 - FECHA Y HORA DE LA ÚLTIMA TRANSACCIÓN
campo de control 20230906222839.0
008 - DATOS DE LONGITUD FIJA--INFORMACIÓN GENERAL
campo de control de longitud fija 170508s1980 sp |||| | spa d
020 ## - NÚMERO INTERNACIONAL ESTÁNDAR DEL LIBRO
Número Internacional Estándar del Libro 84-600-1990-X
020 ## - NÚMERO INTERNACIONAL ESTÁNDAR DEL LIBRO
Número Internacional Estándar del Libro 84-600-1994-2
080 ## - NÚMERO DE LA CLASIFICACIÓN DECIMAL UNIVERSAL
Número de la Clasificación Decimal Universal 946.028.5 T.(063)
111 2# - ENTRADA PRINCIPAL--NOMBRE DE CONGRESO/REUNIÓN
Nombre de congreso/reunión o jurisdicción como elemento de entrada Simposio Toledo Renacentista (
Número del congreso/reunión o número de parte o sección 5º.
Fecha del congreso o de la firma del tratado 1975.
Sede del congreso/Lugar de la reunión Toledo)
9 (RLIN) 162565
245 10 - MENCIÓN DEL TÍTULO
Título Toledo renacentista
Resto del título : (Toledo, 24-26 abril 1975) : V Simposio /
Mención de responsabilidad, etc. [prefacio, Daniel Poyán Díaz ; presentación, Manuel Fernández Álvarez].
260 ## - PUBLICACIÓN, DISTRIBUCIÓN, ETC.
Lugar de publicación, distribución, etc. [Toledo] :
Nombre del editor, distribuidor, etc. Centro Universitario de Toledo, Universidad Complutense,
Fecha de publicación, distribución, etc. [1980]
300 ## - DESCRIPCIÓN FÍSICA
Extensión 3 t. en 4 v. ;
Dimensiones 20 cm.
490 1# - MENCIÓN DE SERIE
Mención de serie Toledo universitario ;
Designación de volumen o secuencia 17-20
504 ## - NOTA DE BIBLIOGRAFÍA, ETC.
Nota de bibliografía, etc. Referencias bibliográficas.
594 ## - Nota al título y mención de responsabilidad
Nota al título y mención de responsabilidad Tít. tomado de cub.
650 #4 - PUNTO DE ACCESO ADICIONAL DE MATERIA--TÉRMINO DE MATERIA
Término de materia o nombre geográfico como elemento de entrada Renacimiento-
Subdivisión geográfica Toledo.
9 (RLIN) 172790
651 #4 - PUNTO DE ACCESO ADICIONAL DE MATERIA--NOMBRE GEOGRÁFICO
Nombre geográfico Toledo-
Subdivisión general Historia-
Subdivisión de forma Congresos y asambleas.
9 (RLIN) 162524
651 #4 - PUNTO DE ACCESO ADICIONAL DE MATERIA--NOMBRE GEOGRÁFICO
Nombre geográfico Toledo-
Subdivisión general Historia-
Subdivisión cronológica S.XVI.
9 (RLIN) 142468
700 1# - ENTRADA AGREGADA--NOMBRE PERSONAL
Nombre de persona Poyán Díaz, Daniel.
9 (RLIN) 93515
700 1# - ENTRADA AGREGADA--NOMBRE PERSONAL
Nombre de persona Fernández Álvarez, Manuel,
Fechas asociadas al nombre 1921-2010
9 (RLIN) 49458
710 2# - ENTRADA AGREGADA--NOMBRE DE ENTIDAD CORPORATIVA
Nombre de entidad corporativa o nombre de jurisdicción como elemento de entrada Universidad Complutense de Madrid.
Unidad subordinada Centro Universitario de Toledo.
9 (RLIN) 162578
830 1# - PUNTO DE ACCESO ADICIONAL DE SERIE-TÍTULO UNIFORME
Título uniforme Toledo universitario ;
Designación de volumen o secuencia 17-20
9 (RLIN) 185581
852 ## - LOCALIZACIÓN
Ubicación ES-MaACL
Número de control de estantería L-31560-63
Holdings
Estatus retirado Estado de pérdida Estado de daño No para préstamo Biblioteca de origen Biblioteca actual Ubicación en estantería Fecha de adquisición Fuente de adquisición Total de préstamos Signatura topográfica completa Código de barras Visto por última vez Precio de reemplazo Tipo de ítem Koha
        Biblioteca del Ateneo de Madrid Biblioteca del Ateneo de Madrid Depósito 2 08/05/2017     L-31560-63 1197546 23/02/2023 23/02/2023 Libro impreso